|
|
|
|
| LEADER |
00000nab a2200000 a 4500 |
| 001 |
vtls010286831 |
| 003 |
SK-MaSNL |
| 005 |
20260304171518.0 |
| 008 |
110620 2011 xo m 000 0 slo |
| 038 |
|
|
|a PPPK
|
| 040 |
|
|
|a PPPKCL
|b slo
|c PPPK
|e AACR2
|
| 041 |
0 |
|
|a slo
|
| 044 |
|
|
|a xo
|c SK
|
| 080 |
|
|
|a 614.2:725.5
|x (437.6)
|2 2001
|
| 080 |
|
|
|a 314.12:311+519.2
|2 2001
|
| 100 |
1 |
|
|a Beňová, Andrea
|4 aut
|9 776706
|
| 245 |
1 |
0 |
|a Vo VNsP Levoča, a. s., člen skupiny AGEL, stúpla pôrodnosť
|c Mgr. Andrea Beňová, tlačová hovorkyňa PR manažérka AGEL SK a.s.
|
| 648 |
|
7 |
|a 2010
|2 pppkcl
|9 324355
|
| 650 |
0 |
7 |
|a zdravotnícke zariadenia
|2 pppkcl
|9 3009
|
| 650 |
0 |
7 |
|a gynekologicko-pôrodnické oddelenia
|2 pppkcl
|9 1091899
|
| 650 |
0 |
7 |
|a pôrodnosť
|2 pppkcl
|9 16603
|
| 650 |
0 |
7 |
|a štatistika
|2 pppkcl
|9 778
|
| 651 |
|
7 |
|a Levoča (Slovensko)
|2 pppkcl
|9 26696
|
| 773 |
0 |
|
|t LIM - Levočský informačný mesačník
|g č. 3 (2011), s. 14
|
| 852 |
|
|
|a PPPK
|b KIS3GCP
|
| 999 |
|
|
|c 2993939
|d 2995869
|